<?xml version="1.0" encoding="UTF-8"?>
<marc:record xmlns:marc="http://www.loc.gov/MARC21/slim">
   <marc:leader>00000nam a2200000 a 4500</marc:leader>
   <marc:datafield ind1="1" ind2=" " tag="100">
      <marc:subfield code="a">Amalric, Mathieu</marc:subfield>
   </marc:datafield>
   <marc:datafield ind1="1" ind2=" " tag="100">
      <marc:subfield code="a">Kurylenko, Olga</marc:subfield>
   </marc:datafield>
   <marc:datafield ind1="1" ind2=" " tag="100">
      <marc:subfield code="a">Craig, Daniel</marc:subfield>
   </marc:datafield>
   <marc:datafield ind1="1" ind2=" " tag="100">
      <marc:subfield code="a">Forster, Marc</marc:subfield>
   </marc:datafield>
   <marc:datafield ind1="0" ind2="0" tag="245">
      <marc:subfield code="a">James Bond 007 - Ein Quantum Trost [Bildtonträger]</marc:subfield>
   </marc:datafield>
   <marc:datafield ind1="0" ind2="0" tag="245">
      <marc:subfield code="c">Regie: Marc Forster. Mit Daniel Craig, Olga Kurylenko, Mathieu Amalric ...</marc:subfield>
   </marc:datafield>
   <marc:datafield ind1=" " ind2="1" tag="264">
      <marc:subfield code="b">MGM Home Entertainment GmbH</marc:subfield>
      <marc:subfield code="c">2009</marc:subfield>
   </marc:datafield>
   <marc:datafield ind1="1" ind2=" " tag="490">
      <marc:subfield code="a">James Bond</marc:subfield>
   </marc:datafield>
   <marc:datafield ind1="1" ind2=" " tag="520">
      <marc:subfield code="a">Bond laboriert noch immer am Liebesschmerz und leidet unter dem Verrat durch seine Partnerin Vesper Lynd, die am Ende von Casino Royale in den Trümmern eines venezianischen Palazzos auf mysteriöse Weise umkam. Seine Wut ist grenzenlos und die Auswirkungen drastisch. Vom Gentlemen-Agenten eines Roger Moore ist nichts mehr zu spüren. Bond nietet alles um was ihm in die Quere kommt, um an die Hintermänner zu kommen, die für den tragischen Tod der Geliebten verantwortlich waren. Seine Vendetta führt ihn über Österreich, Italien und Haiti bis nach Südamerika. Dort treibt er unter der uneigennützigen Mithilfe der resoluten Camille (Olga Kurylenko) den Oberbösewicht Dominic Greene (Matthieu Amalric) auf, einen skrupellosen Geschäftsmann und Chef der Organisation ¿Quantum¿, der sich mit einem bolivianischen General verbündet um an unbezahlbare Ressourcen zu kommen die ihm, und wer hätte etwas anderes erwartet, die Kontrolle über die Weltmärkte ermöglicht.</marc:subfield>
   </marc:datafield>
   <marc:datafield ind1=" " ind2=" " tag="500">
      <marc:subfield code="a">Sprache: Deutsch (Dolby Digital 5.1), Deutsch (DTS 5.1), Englisch (Dolby Digital 5.1), Tibetisch (Dolby Digital 5.1), Türkisch (Dolby Digital 5.1). Untertitel: Deutsch, Englisch, Tschechisch, Türkisch, Arabisch, Griechisch, Kroatisch, Rumänisch</marc:subfield>
   </marc:datafield>
   <marc:datafield ind1="0" ind2=" " tag="490">
      <marc:subfield code="v">0</marc:subfield>
   </marc:datafield>
   <marc:datafield ind1=" " ind2=" " tag="300">
      <marc:subfield code="a">1 DVD (102 Min.) : farbig</marc:subfield>
   </marc:datafield>
</marc:record>
